00818nam a2200253 i 4500001001000000003000900010005001700019007000300036008004100039040003000080041000800110082002400118100003800142245003100180264008500211300004400296336002700340337003300367338002800400490002200428650003000450650003300480710005100513000010979DO-SdBNP20250717074015.0ta091013s1986 dr a r 001 p spa d aDO-SdBNPbspacBNPHUerda aspa 4aRD861.44bP426e2221 aPeralta G., Alberto,eautor4aut.10aElla /cAlberto Peralta G. 4aSanto Domingo :bBiblioteca Nacional Pedro Henríquez Ureña (BNPHU),c©1986. a82 páginas :bilustraciones ;c22 cm. atextobtxt2rdacontent asin mediaciónbn2rdamedia avolumenbnc2rdacarrier0 aColección Orfeo 7aPoesía dominicana2LEMB 7aLiteratura dominicana.2LEMB2 aBiblioteca Nacional Pedro Henríquez Ureña